Azione e legittimazione / (Record no. 108329)

MARC details
000 -LEADER
campo de control de longitud fija 00982nam a2200229 4500
001 - NÚMERO DE CONTROL
campo de control 108329
003 - IDENTIFICADOR DE NÚMERO DE CONTROL
campo de control ES-MaACL
005 - FECHA Y HORA DE LA ÚLTIMA TRANSACCIÓN
campo de control 20250401175056.0
007 - CAMPO FIJO DE DESCRIPCIÓN FÍSICA--INFORMACIÓN GENERAL
campo de control de longitud fija t|
008 - DATOS DE LONGITUD FIJA--INFORMACIÓN GENERAL
campo de control de longitud fija 061121s1951 it r ||||1| ita d
100 1# - ENTRADA PRINCIPAL--NOMBRE DE PERSONA
Nombre de persona Monacciani, Luigi.
9 (RLIN) 82096
245 10 - MENCIÓN DEL TÍTULO
Título Azione e legittimazione /
Mención de responsabilidad, etc. Luigi Monacciani.
260 ## - PUBLICACIÓN, DISTRIBUCIÓN, ETC.
Lugar de publicación, distribución, etc. Milano :
Nombre del editor, distribuidor, etc. Dott. A. Giuffré,
Fecha de publicación, distribución, etc. 1951.
300 ## - DESCRIPCIÓN FÍSICA
Extensión IX, 405 p. ;
Dimensiones 25 cm.
500 ## - NOTA GENERAL
Nota general Es publicación dell'Instituto di Scienze Giuridiche, Economiche, Politiche e Sociali della Universitá di Messina.
510 ## - NOTA DE CITAS O REFERENCIAS BIBLIOGRÁFICAS
Nombre de la fuente ICCU,
Localización dentro de la fuente 0155927
650 #7 - PUNTO DE ACCESO ADICIONAL DE MATERIA--TÉRMINO DE MATERIA
9 (RLIN) 146051
Término de materia o nombre geográfico como elemento de entrada Actos jurídicos
852 ## - LOCALIZACIÓN
Ubicación ES-MaACL
Número de control de estantería D-6401
Sublocalización o colección R.31839
-- R.M.5996
itemnumber 112433
Ubicación en estantería Sala Valle Inclán
Marcas de propiedad Sello en tinta azul de la Biblioteca del Ateneo de Madrid
Anotaciones manuscritas Anotación manuscrita en cubierta: "23"
Nota libre En cubierta: "22.MAR.1952"
942 ## - ELEMENTOS DE ENTRADA SECUNDARIOS (KOHA)
Fuente del sistema de clasificación o colocación Clasificación decimal universal
Tipo de ítem Koha Libro impreso
Holdings
Estatus retirado Estado de pérdida Estado de daño No para préstamo Biblioteca de origen Biblioteca actual Ubicación en estantería Fecha de adquisición Fuente de adquisición Total de préstamos Signatura topográfica completa Código de barras Visto por última vez Precio de reemplazo Tipo de ítem Koha
        Biblioteca del Ateneo de Madrid Biblioteca del Ateneo de Madrid Sala Valle Inclán 17/01/2008     D-6401 901113036 23/02/2023 23/02/2023 Libro impreso